[Event "18. Copenhagen Open (Politiken Cup)"]
[Site "Brondby"]
[Date "1996.??.??"]
[Round "11"]
[White "Wallace, John Paul"]
[Black "Christensen, Bo Garner"]
[Result "1-0"]
[WhiteElo "2370"]
[BlackElo "2225"]
[PlyCount "73"]
[EventDate "1996.??.??"]
[EventType "swiss"]
[EventRounds "11"]
[EventCountry "DEN"]
[SourceDate "2004.01.01"]

1. d4 Nf6 2. c4 g6 3. Nc3 Bg7 4. e4 d6 5. f3 O-O 6. Be3 Nc6 7. Nge2 a6 8. h4 h5
9. Nc1 Rb8 10. Nb3 Bd7 11. Qd2 Kh7 12. O-O-O Qc8 13. Be2 Nb4 14. e5 Ng8 15. a3
Nc6 16. e6 fxe6 17. g4 e5 18. d5 Nd8 19. Bd3 Rxf3 20. Ne4 Bxg4 21. Ng5+ Kh8 22.
Nxf3 Bxf3 23. Rhg1 e4 24. Be2 Kh7 25. Rdf1 Bg4 26. Bxg4 hxg4 27. h5 gxh5 28.
Qh2 Kg6 29. Rh1 Nf6 30. Rxf6+ Kxf6 31. Qh4+ Kf7 32. Qxh5+ Kg8 33. Qe8+ Bf8 34.
Rh8+ Kxh8 35. Qxf8+ Kh7 36. Qh6+ Kg8 37. Qg6+ 1-0

[Event "18. Copenhagen Open (Politiken Cup)"]
[Site "Brondby"]
[Date "1996.??.??"]
[Round "11"]
[White "Akesson, Ralf"]
[Black "Furhoff, Johan"]
[Result "1/2-1/2"]
[WhiteElo "2505"]
[BlackElo "2305"]
[PlyCount "73"]
[EventDate "1996.??.??"]
[EventType "swiss"]
[EventRounds "11"]
[EventCountry "DEN"]
[SourceDate "2004.01.01"]

1. d4 Nc6 2. d5 Ne5 3. e4 e6 4. f4 Ng6 5. dxe6 fxe6 6. Nf3 Bc5 7. Bd3 d6 8. e5
N8e7 9. Nc3 O-O 10. Na4 Bb4+ 11. c3 Ba5 12. b4 Bb6 13. Nxb6 axb6 14. O-O dxe5
15. fxe5 Bd7 16. Bg5 Bc6 17. Qe2 Bxf3 18. Rxf3 Rxf3 19. Qxf3 Qd5 20. Qe2 Qxe5
21. Re1 Qxe2 22. Rxe2 Nd5 23. Rxe6 Ndf4 24. Re3 Nxd3 25. Rxd3 h6 26. Rd8+ Rxd8
27. Bxd8 Nf4 28. Bxc7 Ne2+ 29. Kf2 Nxc3 30. Bxb6 Nxa2 31. Bc5 b6 32. Bd6 Kf7
33. Ke3 Ke6 34. Bf8 Kf7 35. Bd6 Ke6 36. Bf8 Kf7 37. Bd6 1/2-1/2